| 000 | 01657cam a2200457 i 4500 | ||
|---|---|---|---|
| 001 | 51424 | ||
| 003 | KOSZ 005 | ||
| 005 | 20211123134838.0 | ||
| 008 | 060624s2005 pl a |100 0 pol | ||
| 015 | _aPB 2006/15129 | ||
| 020 | _a8392193733 | ||
| 040 |
_aWA N _cWA N _dKOSZ 005/RW _dKOSZ 005/HR |
||
| 041 | 0 |
_apol _aeng _aslo _beng _bpol |
|
| 046 | _k2005 | ||
| 080 | _a338.43(438) | ||
| 080 | _a338.43(437.6) | ||
| 080 | _a338.43(4-67) | ||
| 080 | _a(06) | ||
| 245 | 0 | 0 |
_aPolski agrobiznes po wejściu do Unii Europejskiej : _bpierwsze efekty i perspektywy / _c[kom. red. Stanisław Sosnowski et al.] ; Wyższa Szkoła Inżynieryjno-Ekonomiczna w Ropczycach. |
| 260 |
_aRopczyce : _bWyższa Szkoła Inzynieryjno-Ekonomiczna, _c2005. |
||
| 300 |
_a191 s. : _bil. (gł. kolor.) ; _c23 cm. |
||
| 336 |
_2rdacontent _aTekst _btxt |
||
| 337 |
_2rdamedia _aBez urządzenia pośredniczącego _bn |
||
| 338 |
_2rdacarrier _aWolumin _bnc |
||
| 380 | _aKsiążki | ||
| 388 | _a2001- | ||
| 500 | _aMateriały z seminarium. | ||
| 504 | _aBibliogr. przy ref. | ||
| 546 | _aTekst częśc. ang., słowac. Streszcz. ang., pol. przy niektórych ref. | ||
| 610 | 2 | 4 | _aUnia Europejska (UE) |
| 650 | 4 | _aAgrobiznes | |
| 650 | 4 | _aEkonomika rolnictwa | |
| 651 | 4 | _aPolska | |
| 651 | 4 | _aSłowacja | |
| 655 | 4 | _aMateriały konferencyjne | |
| 658 | _aRolnictwo i leśnictwo | ||
| 658 | _aGospodarka, ekonomia, finanse | ||
| 700 | 1 |
_aSosnowski, Stanisław _d(1949- ) _eRedakcja |
|
| 856 |
_uhttp://koha.tu.koszalin.pl/cgi-bin/koha/opac-detail.pl?biblionumber=51424 _yKatalog online BPK |
||
| 942 |
_2UKD _cKS |
||
| 999 |
_c51424 _d51424 |
||